000 01222nam2a22002411 4500
001 RU\NLR\INFOCOMM31\1000128468
005 20250617004454.0
035 _a(NLR Aleph) 002322714
090 _a4403766
_c4403766
100 _a20041018d1969 |||y0rusy50 ca
101 0 _arus
102 _aRU
105 _ay |||||||||
200 1 _aСообщение о выполнении Государственного плана развития народного хозяйства Социалистической Республики Румынии за 1968 год
210 _d1969
_aБ. м.
461 0 _1001RU\NLR\INFOCOMM31\1000128466
_12001#$aРумынские горизонты$iПриложение к Бюллетеню Посольства Социалистической Республики Румынии в СССР$v1969, №2
_94403749
_c[М.]
_d1969
_iПриложение к Бюллетеню Посольства Социалистической Республики Румынии в СССР
_tРумынские горизонты
_v1969, №2
801 1 _aRU
_bInfoComm
_c20041018
801 0 _aRU
_bNLR
_gPSBO
852 _aNLR
_jП2/225
942 _cISSUE
980 _aNB
980 _aRUSPER